000
00328pab a2200145 454500
008
180718b1999 xxu||||| |||| 00| 0 eng d
100
_a
Lal, A.K.
245
_a
Urban planning: emerging issues
260
_c
1999
300
_a
p.30-38
362
_a
Jan-Mar
650
_a
Urban planning
773
_a
Nagarlok
909
_a
41048
999
_c
41048
_d
41048